U.S History by Picture #1 - Statistics

General Stats
  • This quiz has been taken 1,223 times
  • The average score is 13 of 18
Answer Stats
Picture Hint Answer % Correct
president Thomas Jefferson
90%
period 1929-1939 Great Depression
88%
holiday Thanksgiving
87%
president Theodore Roosevelt
87%
assassin John Wilkes Booth
83%
artifact Liberty Bell
81%
actor Marilyn Monroe
81%
event D-Day
79%
battle Battle of {Gettysburg}
75%
territory Louisiana
73%
document Constitution
72%
idea {Manifest} Destiny
63%
war War of 1812
63%
city - destroyed 1906 San Francisco
60%
mountain Mount St Helens
56%
building {Chrysler} Building
50%
period Cold War
43%
invention Cotton Gin
43%
No matching quizzes found
Score Distribution
Percent of People with Each Score
Percentile by Number Answered
Your Score History
You have not taken this quiz